[Event "FIDE World Senior Team Championship 2020"]
[Site "Olympik hotel, Sokolovska 138, Prague"]
[Date "2020.03.07"]
[Round "2.1.1"]
[White "Strutinskaia, Galina"]
[Black "Shabalov, Alexander"]
[Result "0-1"]
[WhiteElo "2214"]
[BlackElo "2524"]
[PlyCount "92"]
[WhiteTeam "RUSW"]
[BlackTeam "USA1"]
[EventDate "2020.03.06"]

1. d4 Nf6 2. g3 c5 3. d5 e6 4. c4 exd5 5. cxd5 d6 6. Bg2 g6 7. Nc3 Bg7 8. Nf3
O-O 9. O-O Na6 10. Re1 Nc7 11. a4 Re8 12. Nd2 b6 13. Nc4 Ba6 14. Na3 Ng4 15. h3
Ne5 16. Bd2 f5 17. Rb1 Qd7 18. f4 Nc4 19. Nxc4 Bxc4 20. b3 Ba6 21. Bf3 Qf7 22.
Qc2 Bb7 23. e4 Rad8 24. Kh2 fxe4 25. Nxe4 Bxd5 26. Ng5 Qf5 27. Qxf5 gxf5 28.
Bxd5+ Nxd5 29. Ne6 Rd7 30. Nxg7 Rxe1 31. Bxe1 Kxg7 32. Rd1 Ne7 33. g4 d5 34.
Kg3 d4 35. h4 Nd5 36. Bd2 Re7 37. h5 Ne3 38. Re1 fxg4 39. Rh1 h6 40. Rc1 Kf6
41. b4 c4 42. Bxe3 dxe3 43. Kxg4 e2 44. Re1 c3 45. Kf3 c2 46. Kf2 Re4 0-1

[Event "FIDE World Senior Team Championship 2020"]
[Site "Olympik hotel, Sokolovska 138, Prague"]
[Date "2020.03.07"]
[Round "2.1.2"]
[White "Kaidanov, Gregory"]
[Black "Sirotkina, Nina"]
[Result "1/2-1/2"]
[WhiteElo "2546"]
[BlackElo "2183"]
[PlyCount "97"]
[WhiteTeam "USA1"]
[BlackTeam "RUSW"]
[EventDate "2020.03.06"]

1. Nf3 d5 2. g3 Nf6 3. Bg2 e6 4. O-O Be7 5. c4 O-O 6. b3 c5 7. e3 Nc6 8. Bb2 b6
9. Nc3 dxc4 10. bxc4 Bb7 11. Qe2 Qc7 12. Ne1 Rfd8 13. f4 Qd7 14. d3 Rab8 15. g4
Ne8 16. Rd1 a6 17. Nf3 Ba8 18. Ne4 b5 19. cxb5 axb5 20. f5 exf5 21. gxf5 f6 22.
a3 Rdc8 23. d4 cxd4 24. Nxd4 Nxd4 25. exd4 Nc7 26. Nc5 Qd6 27. Rde1 Bf8 28. Qg4
Bxg2 29. Qxg2 Re8 30. Ne4 Qb6 31. Kh1 Kh8 32. Rg1 Rbd8 33. Rc1 Nd5 34. Qf3 Qa7
35. Rge1 Qf7 36. Nc5 Nc7 37. Qc6 Qd5+ 38. Qxd5 Nxd5 39. Rxe8 Rxe8 40. Ne6 Be7
41. Nc7 Nxc7 42. Rxc7 Kg8 43. Rb7 b4 44. axb4 Bd6 45. Rb6 Re1+ 46. Kg2 Re2+ 47.
Kf3 Rxb2 48. Rxd6 Rxb4 49. Rd8+ 1/2-1/2

[Event "FIDE World Senior Team Championship 2020"]
[Site "Olympik hotel, Sokolovska 138, Prague"]
[Date "2020.03.07"]
[Round "2.1.3"]
[White "Fatalibekova, Elena"]
[Black "Benjamin, Joel"]
[Result "0-1"]
[WhiteElo "2158"]
[BlackElo "2508"]
[PlyCount "66"]
[WhiteTeam "RUSW"]
[BlackTeam "USA1"]
[EventDate "2020.03.06"]

1. e4 e5 2. Nf3 d6 3. d4 exd4 4. Nxd4 Nf6 5. Nc3 Be7 6. g3 O-O 7. Bg2 Re8 8.
O-O Bf8 9. h3 Nc6 10. g4 h6 11. Nde2 Rb8 12. f4 Na5 13. Qd3 b5 14. b4 Nc4 15.
Nxb5 Rxb5 16. Qxc4 Rb6 17. b5 d5 18. exd5 Bxg4 19. Nd4 Bd7 20. Nc6 Bxc6 21.
dxc6 a6 22. a4 axb5 23. axb5 Nh5 24. Bb2 Qh4 25. Be5 Rxe5 26. Ra7 Rc5 27. Qd3
Nxf4 28. Qf3 Bd6 29. Ra8+ Kh7 30. Qe4+ f5 31. Qe8 Re5 32. Qh8+ Kg6 33. Rg8
Nxh3+ 0-1

[Event "FIDE World Senior Team Championship 2020"]
[Site "Olympik hotel, Sokolovska 138, Prague"]
[Date "2020.03.07"]
[Round "2.1.4"]
[White "Yermolinsky, Alex"]
[Black "Titorenko, Natalia I"]
[Result "1-0"]
[WhiteElo "2487"]
[BlackElo "2113"]
[PlyCount "71"]
[WhiteTeam "USA1"]
[BlackTeam "RUSW"]
[EventDate "2020.03.06"]

1. d4 Nf6 2. c4 e6 3. Nc3 Bb4 4. e3 O-O 5. Bd3 d5 6. Nf3 dxc4 7. Bxc4 b6 8. a3
Bxc3+ 9. bxc3 Ba6 10. Bxa6 Nxa6 11. e4 Qc8 12. e5 Nd5 13. Qd3 f5 14. exf6 gxf6
15. O-O c6 16. c4 Ne7 17. Re1 Nc7 18. Qe4 Rf7 19. Bf4 Ng6 20. Bd6 Ne8 21. Qxe6
Qxe6 22. Rxe6 Nxd6 23. Rxd6 Rc8 24. g3 Rcc7 25. Re1 Kg7 26. d5 c5 27. a4 Rfe7
28. Re3 Kf7 29. Kf1 h5 30. Ke2 Rcd7 31. Rde6 Rb7 32. Kd3 a6 33. Kc3 Red7 34. a5
bxa5 35. Rxa6 Ra7 36. Ree6 1-0

[Event "FIDE World Senior Team Championship 2020"]
[Site "Olympik hotel, Sokolovska 138, Prague"]
[Date "2020.03.07"]
[Round "2.2.1"]
[White "Yrjola, Jouni"]
[Black "Hracek, Zbynek"]
[Result "1/2-1/2"]
[WhiteElo "2309"]
[BlackElo "2572"]
[PlyCount "32"]
[WhiteTeam "FIN"]
[BlackTeam "CZE1"]
[EventDate "2020.03.06"]

1. c4 e6 2. Nc3 d5 3. d4 Nf6 4. cxd5 exd5 5. Bg5 c6 6. e3 Bd6 7. Bd3 O-O 8.
Nge2 Re8 9. Qc2 h6 10. Bh4 a5 11. h3 Na6 12. a3 Nc7 13. O-O Ne6 14. f3 Ng5 15.
e4 Nh5 16. Kh1 dxe4 1/2-1/2

[Event "FIDE World Senior Team Championship 2020"]
[Site "Olympik hotel, Sokolovska 138, Prague"]
[Date "2020.03.07"]
[Round "2.2.2"]
[White "Haba, Petr"]
[Black "Asomaki, Pekka"]
[Result "1-0"]
[WhiteElo "2470"]
[BlackElo "2122"]
[PlyCount "85"]
[WhiteTeam "CZE1"]
[BlackTeam "FIN"]
[EventDate "2020.03.06"]

1. e4 e5 2. Nf3 Nc6 3. Bb5 a6 4. Ba4 Nf6 5. O-O Be7 6. Re1 b5 7. Bb3 O-O 8. a4
b4 9. a5 d6 10. d3 Rb8 11. Nbd2 Nd7 12. Ba4 Bb7 13. Nb3 f5 14. exf5 Rxf5 15. d4
e4 16. Rxe4 Nce5 17. Nxe5 dxe5 18. Re1 e4 19. Be3 Bd6 20. Qg4 g6 21. Nc5 Bxc5
22. Bb3+ Kg7 23. dxc5 h5 24. Qh3 Ne5 25. Be6 Rf6 26. Rad1 Qe7 27. Bd5 Bc8 28.
Qh4 Bg4 29. Qg5 Rh8 30. Bd4 Bxd1 31. Bxe5 Bxc2 32. Bxe4 Bxe4 33. Rxe4 Rhf8 34.
Bxf6+ Qxf6 35. Qxf6+ Rxf6 36. Rxb4 Rc6 37. Rc4 Kf6 38. f3 Ke5 39. Re4+ Kd5 40.
b4 Rf6 41. Kf2 Kc6 42. Kg3 Kb5 43. Kh4 1-0

[Event "FIDE World Senior Team Championship 2020"]
[Site "Olympik hotel, Sokolovska 138, Prague"]
[Date "2020.03.07"]
[Round "2.2.3"]
[White "Salonen, Jyrki"]
[Black "Velicka, Petr"]
[Result "1/2-1/2"]
[WhiteElo "2111"]
[BlackElo "2425"]
[PlyCount "87"]
[WhiteTeam "FIN"]
[BlackTeam "CZE1"]
[EventDate "2020.03.06"]

1. e4 c5 2. g3 d5 3. d3 Nc6 4. Bg2 Nf6 5. Nc3 Bg4 6. f3 Bc8 7. Nh3 g6 8. Nf2
Bg7 9. O-O O-O 10. f4 dxe4 11. Ncxe4 Nxe4 12. Bxe4 Qd7 13. c3 b6 14. Be3 Bb7
15. Qe2 f5 16. Bg2 e5 17. Rad1 Rfe8 18. Qd2 exf4 19. Bxf4 Ne7 20. Nh3 Bxg2 21.
Qxg2 Nd5 22. Bc1 Rad8 23. Qf3 Re6 24. Nf4 Nxf4 25. Bxf4 Rde8 26. Rf2 h5 27. h4
Kh7 28. Rdd2 Re1+ 29. Rf1 Qe6 30. Rxe1 Qxe1+ 31. Qf1 Qe6 32. a3 a5 33. Kf2 a4
34. Re2 Qxe2+ 35. Qxe2 Rxe2+ 36. Kxe2 Kg8 37. Bc7 b5 38. Bd6 c4 39. Bf4 Kf7 40.
dxc4 bxc4 41. Ke3 Ke6 42. Kf3 Be5 43. Ke3 Bf6 44. Kf3 1/2-1/2

[Event "FIDE World Senior Team Championship 2020"]
[Site "Olympik hotel, Sokolovska 138, Prague"]
[Date "2020.03.07"]
[Round "2.2.4"]
[White "Konopka, Michal"]
[Black "Kopsa, Petri"]
[Result "1-0"]
[WhiteElo "2353"]
[BlackElo "2085"]
[PlyCount "79"]
[WhiteTeam "CZE1"]
[BlackTeam "FIN"]
[EventDate "2020.03.06"]

1. Nf3 e6 2. g3 f5 3. Bg2 Nf6 4. O-O Be7 5. c4 O-O 6. Nc3 d6 7. d3 Nc6 8. e4 e5
9. h3 Kh8 10. Re1 fxe4 11. dxe4 Qe8 12. Be3 Qf7 13. Rc1 h6 14. Nd5 Ne8 15. b4
Bd8 16. b5 Ne7 17. c5 Be6 18. cxd6 cxd6 19. Qd2 Bxd5 20. exd5 Nf5 21. Qd3 Nxe3
22. fxe3 Nf6 23. Nh4 e4 24. Qf1 Bb6 25. Qf5 Rfe8 26. Ng6+ Kg8 27. Nf4 Re5 28.
Rc8+ Rxc8 29. Qxc8+ Kh7 30. Kh2 g5 31. Ne6 Rxd5 32. Rf1 Re5 33. Nd4 Bxd4 34.
exd4 Re8 35. Rxf6 Rxc8 36. Rxf7+ Kg6 37. Rxb7 Re8 38. Kg1 e3 39. Kf1 Rf8+ 40.
Ke1 1-0

[Event "FIDE World Senior Team Championship 2020"]
[Site "Olympik hotel, Sokolovska 138, Prague"]
[Date "2020.03.07"]
[Round "2.3.1"]
[White "Arkell, Keith C"]
[Black "Schweitzer, Andreas"]
[Result "1/2-1/2"]
[WhiteElo "2447"]
[BlackElo "2290"]
[PlyCount "172"]
[WhiteTeam "ENG1"]
[BlackTeam "GER2"]
[EventDate "2020.03.06"]

1. c4 c6 2. Nf3 d5 3. e3 Nf6 4. b3 Bg4 5. Bb2 Nbd7 6. Be2 e6 7. O-O Be7 8. d3
O-O 9. Nbd2 a5 10. a3 Re8 11. e4 dxe4 12. dxe4 Bxf3 13. Bxf3 e5 14. Qc2 Bc5 15.
Be2 Nf8 16. Nf3 Ng6 17. g3 h5 18. Bc1 Qe7 19. Bg5 Bxa3 20. Nh4 Nxh4 21. Bxh4
Bc5 22. Bxh5 Qe6 23. Bxf6 Qxf6 24. Kg2 Qg5 25. Qe2 g6 26. Bf3 Red8 27. Rfd1
Rxd1 28. Rxd1 Rd8 29. h4 Qe7 30. h5 Rxd1 31. Qxd1 Qd6 32. hxg6 fxg6 33. Qe2 Qd4
34. Bg4 Kf7 35. Bc8 b6 36. Qf3+ Ke7 37. Bh3 b5 38. cxb5 cxb5 39. Bc8 a4 40.
bxa4 bxa4 41. Bb7 Qd6 42. Bd5 Qf6 43. Qe2 a3 44. Qd2 Qb6 45. Qh6 Qf6 46. f3 Kd8
47. Qh7 Be7 48. Qg8+ Bf8 49. Bc4 Qd6 50. Kh3 Kc7 51. Kg4 Be7 52. Be6 Kb6 53.
Qc8 Qc7 54. Qe8 Qd6 55. Bd5 Ka5 56. Qa8+ Kb4 57. Qb7+ Kc3 58. Qb3+ Kd2 59. Qa2+
Ke3 60. Qb3+ Kd2 61. Qb5 Qc5 62. Qe8 Qd6 63. Bf7 Qd8 64. Qc6 Qd6 65. Qb7 Kc1
66. Qb5 Qc5 67. Qf1+ Kb2 68. Qe2+ Kc1 69. Qa6 Qd6 70. Qc4+ Kd2 71. Qb5 Qc5 72.
Qb8 Qd6 73. Qg8 Ke3 74. Bxg6 Qf6 75. Qb3+ Kf2 76. Qc2+ Ke3 77. Qc3+ Ke2 78. Bf5
Qg5+ 79. Kh3 Qe3 80. Qc2+ Qd2 81. Qxd2+ Kxd2 82. Be6 Ke3 83. Kg4 Bd6 84. Bd5
Bf8 85. f4 exf4 86. gxf4 a2 1/2-1/2

[Event "FIDE World Senior Team Championship 2020"]
[Site "Olympik hotel, Sokolovska 138, Prague"]
[Date "2020.03.07"]
[Round "2.3.2"]
[White "Titscher, Libor"]
[Black "Hebden, Mark L"]
[Result "1/2-1/2"]
[WhiteElo "2153"]
[BlackElo "2444"]
[PlyCount "131"]
[WhiteTeam "GER2"]
[BlackTeam "ENG1"]
[EventDate "2020.03.06"]

1. c4 e5 2. Nc3 Bb4 3. g3 Bxc3 4. dxc3 d6 5. Bg2 Ne7 6. e4 O-O 7. Ne2 Nbc6 8.
h3 f5 9. exf5 Bxf5 10. O-O Qd7 11. Kh2 Be6 12. b3 Rae8 13. f4 Ng6 14. Be3 exf4
15. Nxf4 Nxf4 16. Bxf4 b6 17. Qd2 Ne7 18. Rae1 Ng6 19. Bg5 Rxf1 20. Rxf1 Ne5
21. Bf4 Bf7 22. Bd5 Bxd5 23. Qxd5+ Qf7 24. Qxf7+ Nxf7 25. Kg2 a5 26. h4 a4 27.
Kf3 Ne5+ 28. Bxe5 Rxe5 29. Rd1 axb3 30. axb3 Ra5 31. b4 Ra3 32. Rd3 Kf7 33. Re3
h5 34. g4 hxg4+ 35. Kxg4 Ra1 36. Rf3+ Ke6 37. Re3+ Kf7 38. Rf3+ Kg8 39. Re3
Rg1+ 40. Rg3 Re1 41. Rf3 g6 42. c5 Rg1+ 43. Kf4 Kf7 44. cxb6 cxb6 45. Ke3+ Ke6
46. Kd3 b5 47. Rh3 Rd1+ 48. Ke4 d5+ 49. Ke3 d4+ 50. cxd4 Kd5 51. h5 gxh5 52.
Rxh5+ Kc4 53. Rc5+ Kxb4 54. Rc8 Ka3 55. Ke4 b4 56. d5 b3 57. Ra8+ Kb4 58. Rb8+
Kc3 59. Rc8+ Kb4 60. Ke5 b2 61. Rb8+ Kc3 62. d6 b1=Q 63. Rxb1 Rxb1 64. d7 Rd1
65. Ke6 Rxd7 66. Kxd7 1/2-1/2

[Event "FIDE World Senior Team Championship 2020"]
[Site "Olympik hotel, Sokolovska 138, Prague"]
[Date "2020.03.07"]
[Round "2.3.3"]
[White "Flear, Glenn C"]
[Black "Schulenburg, Bernd"]
[Result "1-0"]
[WhiteElo "2420"]
[BlackElo "2175"]
[PlyCount "39"]
[WhiteTeam "ENG1"]
[BlackTeam "GER2"]
[EventDate "2020.03.06"]

1. d4 Nf6 2. c4 e6 3. Nc3 Bb4 4. e3 b6 5. Nge2 O-O 6. a3 Be7 7. e4 d6 8. Ng3 d5
9. e5 Ne8 10. cxd5 exd5 11. Bd3 c5 12. O-O Nc6 13. dxc5 d4 14. Be4 Bb7 15. Nd5
Bxc5 16. b4 Nxe5 17. Qh5 f5 18. Nxf5 Bxd5 19. Ne7+ Bxe7 20. Bxh7+ 1-0

[Event "FIDE World Senior Team Championship 2020"]
[Site "Olympik hotel, Sokolovska 138, Prague"]
[Date "2020.03.07"]
[Round "2.3.4"]
[White "Berndt, Matthias"]
[Black "McDonald, Neil"]
[Result "0-1"]
[WhiteElo "2098"]
[BlackElo "2410"]
[PlyCount "96"]
[WhiteTeam "GER2"]
[BlackTeam "ENG1"]
[EventDate "2020.03.06"]

1. e4 e6 2. d3 d5 3. Nd2 Nf6 4. Ngf3 Be7 5. g3 b5 6. Bg2 Bb7 7. Qe2 c5 8. e5
Nfd7 9. c4 bxc4 10. dxc4 Nb6 11. O-O O-O 12. b3 a5 13. Rd1 a4 14. Ba3 Nc6 15.
Ne4 Ra5 16. cxd5 Nxd5 17. Bb2 Ba6 18. Qd2 axb3 19. axb3 Rxa1 20. Rxa1 Ncb4 21.
Nc3 Bb7 22. Rc1 Nxc3 23. Bxc3 Bxf3 24. Bxf3 Qxd2 25. Bxd2 Nd3 26. Rc3 Nxe5 27.
Be2 Nc6 28. Be3 Nd4 29. Bc4 g6 30. Kg2 Rb8 31. f4 h5 32. Bxd4 cxd4 33. Rd3 Bc5
34. Kf3 Kf8 35. Rd2 Ra8 36. Ke4 Ra1 37. Re2 Ke7 38. b4 Bb6 39. Ra2 Rb1 40. b5
Re1+ 41. Be2 Kd6 42. Rc2 Bc5 43. Rd2 Kc7 44. Kf3 Ra1 45. Ke4 Ra3 46. Bd3 Kd6
47. Rd1 Ra2 48. h3 Rf2 0-1

[Event "FIDE World Senior Team Championship 2020"]
[Site "Olympik hotel, Sokolovska 138, Prague"]
[Date "2020.03.07"]
[Round "2.4.1"]
[White "Weyrich, Morten"]
[Black "Ftacnik, Lubomir"]
[Result "1/2-1/2"]
[WhiteElo "2281"]
[BlackElo "2513"]
[PlyCount "94"]
[WhiteTeam "GER3"]
[BlackTeam "SVK"]
[EventDate "2020.03.06"]

1. c4 Nf6 2. Nc3 c5 3. g3 e6 4. Bg2 d5 5. cxd5 exd5 6. d4 cxd4 7. Qxd4 Nc6 8.
Qa4 Be6 9. Bg5 Bc5 10. O-O-O Bxf2 11. Nxd5 Bxd5 12. Bxd5 Qb6 13. Bxf6 gxf6 14.
Bxc6+ bxc6 15. Nf3 O-O 16. Kb1 Rab8 17. Qg4+ Kh8 18. Rd2 Be3 19. Rc2 c5 20. Nd2
Bxd2 21. Rxd2 Rfe8 22. Rhd1 Re6 23. b3 Re3 24. Rd3 Rxd3 25. Rxd3 Qc6 26. Kc2
Re8 27. Kd2 Qa6 28. a4 Qa5+ 29. Kd1 Qc7 30. Rd7 Rd8 31. Rxd8+ Qxd8+ 32. Kc2 Qd5
33. h4 h6 34. Qc4 Qe5 35. Qg4 f5 36. Qf3 Kg7 37. e3 Kg6 38. h5+ Kg7 39. Kd3
Qd6+ 40. Kc4 Qe6+ 41. Qd5 Qxe3 42. Qxc5 Qxg3 43. Qxa7 f4 44. Qd4+ Kg8 45. Qd8+
Kg7 46. Qd4+ Kg8 47. Qd8+ Kg7 1/2-1/2

[Event "FIDE World Senior Team Championship 2020"]
[Site "Olympik hotel, Sokolovska 138, Prague"]
[Date "2020.03.07"]
[Round "2.4.2"]
[White "Stohl, Igor"]
[Black "Jeske, Eckhard"]
[Result "1/2-1/2"]
[WhiteElo "2470"]
[BlackElo "2158"]
[PlyCount "41"]
[WhiteTeam "SVK"]
[BlackTeam "GER3"]
[EventDate "2020.03.06"]

1. d4 d5 2. c4 c6 3. Nf3 Nf6 4. Nc3 dxc4 5. a4 Bf5 6. Ne5 Nbd7 7. Nxc4 Qc7 8.
g3 e5 9. dxe5 Nxe5 10. Bf4 Rd8 11. Qc1 Nfd7 12. Bxe5 Nxe5 13. Qf4 Bd6 14. Qxf5
Nxc4 15. Qe4+ Ne5 16. f4 f5 17. Qxf5 Nf7 18. e4 O-O 19. Bc4 g6 20. Qe6 Bb4 21.
O-O 1/2-1/2

[Event "FIDE World Senior Team Championship 2020"]
[Site "Olympik hotel, Sokolovska 138, Prague"]
[Date "2020.03.07"]
[Round "2.4.3"]
[White "Jansen, Andreas"]
[Black "Motuz, Karol"]
[Result "1/2-1/2"]
[WhiteElo "2095"]
[BlackElo "2368"]
[PlyCount "62"]
[WhiteTeam "GER3"]
[BlackTeam "SVK"]
[EventDate "2020.03.06"]

1. e4 e6 2. d4 d5 3. Nc3 Bb4 4. e5 Qd7 5. a3 Bf8 6. f4 b6 7. Bb5 c6 8. Bd3 Ba6
9. Nf3 Nh6 10. O-O Be7 11. Kh1 Bxd3 12. Qxd3 c5 13. Be3 Nf5 14. Bf2 h5 15. Ne2
Nc6 16. Ng3 Nfxd4 17. Nxd4 cxd4 18. Ne2 O-O 19. Nxd4 Rac8 20. Nxc6 Qxc6 21. c3
g6 22. Rad1 Rfd8 23. h3 Qa4 24. Qe2 Rc4 25. Rd4 Bc5 26. Rxc4 Qxc4 27. Qxc4 dxc4
28. Bxc5 bxc5 29. Rf2 Rd1+ 30. Kh2 h4 31. g3 hxg3+ 1/2-1/2

[Event "FIDE World Senior Team Championship 2020"]
[Site "Olympik hotel, Sokolovska 138, Prague"]
[Date "2020.03.07"]
[Round "2.4.4"]
[White "Petran, Peter"]
[Black "Moritz, Hartmut"]
[Result "1-0"]
[WhiteElo "2268"]
[BlackElo "2088"]
[PlyCount "65"]
[WhiteTeam "SVK"]
[BlackTeam "GER3"]
[EventDate "2020.03.06"]

1. g3 e5 2. c4 Nf6 3. Bg2 d5 4. cxd5 Nxd5 5. Nc3 Nb6 6. d3 Be7 7. Be3 O-O 8. a3
Nc6 9. Nf3 Be6 10. O-O f6 11. Rc1 Qd7 12. Re1 Rad8 13. Ne4 Nd5 14. Bd2 Nd4 15.
b4 c6 16. Qa4 b5 17. Qd1 a5 18. Nxd4 exd4 19. Nc5 Bxc5 20. Rxc5 axb4 21. axb4
Rc8 22. Qa1 Ne7 23. Qb2 Rfd8 24. Rec1 Bh3 25. Bh1 Qe6 26. Qc2 Bg4 27. Bg2 Rd6
28. Bf4 Rd7 29. e4 dxe3 30. Bxe3 Nd5 31. Bd2 Bf5 32. Re1 Qd6 33. Bxd5+ 1-0

[Event "FIDE World Senior Team Championship 2020"]
[Site "Olympik hotel, Sokolovska 138, Prague"]
[Date "2020.03.07"]
[Round "2.5.1"]
[White "Pieper, Thomas, Dr."]
[Black "Potapov, Alexander"]
[Result "0-1"]
[WhiteElo "2258"]
[BlackElo "2413"]
[PlyCount "60"]
[WhiteTeam "GER5"]
[BlackTeam "RUS1"]
[EventDate "2020.03.06"]

1. e4 e5 2. Nf3 Nc6 3. d4 exd4 4. Nxd4 Nf6 5. Nxc6 bxc6 6. e5 Qe7 7. Qe2 Nd5 8.
c4 Ba6 9. Nd2 g6 10. Qe4 Nb6 11. Bd3 Bg7 12. Nf3 f6 13. Bf4 fxe5 14. Bxe5 O-O
15. Bxg7 Qxe4+ 16. Bxe4 Kxg7 17. O-O-O Bxc4 18. b3 Bd5 19. Rhe1 Rae8 20. Bxd5
cxd5 21. Rxe8 Rxe8 22. Kd2 c5 23. Rc1 d6 24. Ne1 Kf6 25. Rc3 d4 26. Rf3+ Kg7
27. Nd3 Nd5 28. Nb2 Nc3 29. Nc4 d5 30. Nd6 Re6 0-1

[Event "FIDE World Senior Team Championship 2020"]
[Site "Olympik hotel, Sokolovska 138, Prague"]
[Date "2020.03.07"]
[Round "2.5.2"]
[White "Sergeyev, Alexander"]
[Black "Kempter, Ronald"]
[Result "1-0"]
[WhiteElo "2398"]
[BlackElo "2238"]
[PlyCount "87"]
[WhiteTeam "RUS1"]
[BlackTeam "GER5"]
[EventDate "2020.03.06"]

1. d4 Nf6 2. Nf3 c5 3. d5 e6 4. Nc3 exd5 5. Nxd5 Nxd5 6. Qxd5 Nc6 7. e4 Be7 8.
Bc4 O-O 9. O-O d6 10. c3 Be6 11. Qd3 Qd7 12. Rd1 Rad8 13. Bf4 h6 14. Rd2 a6 15.
Rad1 Na5 16. Bd5 b5 17. Qe3 Bxd5 18. Rxd5 Nc4 19. Qe2 Qg4 20. h3 Qe6 21. b3 Nb6
22. R5d2 Rfe8 23. Bg3 Bf8 24. Re1 g6 25. Qd1 Rd7 26. Re3 Red8 27. Bh4 Re8 28.
Ne1 Be7 29. Bxe7 Qxe7 30. Nd3 a5 31. Nf4 a4 32. Qg4 Kh7 33. h4 Rdd8 34. h5 Rg8
35. hxg6+ fxg6 36. Rh3 Rde8 37. Re2 Qe5 38. Ree3 Ref8 39. Ne6 Re8 40. Rxh6+
Kxh6 41. Rh3+ Qh5 42. Qg5+ Kh7 43. Rxh5+ gxh5 44. Qxh5# 1-0

[Event "FIDE World Senior Team Championship 2020"]
[Site "Olympik hotel, Sokolovska 138, Prague"]
[Date "2020.03.07"]
[Round "2.5.3"]
[White "Scheckenbach, Franz"]
[Black "Goriatchkin, Jouri"]
[Result "0-1"]
[WhiteElo "2101"]
[BlackElo "2310"]
[PlyCount "128"]
[WhiteTeam "GER5"]
[BlackTeam "RUS1"]
[EventDate "2020.03.06"]

1. e4 e6 2. d3 d5 3. Qe2 Nf6 4. g3 dxe4 5. dxe4 e5 6. Nf3 Nc6 7. Bg2 Bg4 8. c3
Qd7 9. Bg5 Be7 10. Nbd2 h6 11. Be3 Bh3 12. Bxh3 Qxh3 13. Nh4 O-O-O 14. f3 Nh5
15. Nf5 Bf6 16. Bf2 Bg5 17. Ne3 Bxe3 18. Qxe3 Rd7 19. O-O-O Rhd8 20. Qe1 Qe6
21. Kb1 Rd3 22. Qe2 Qd7 23. Kc2 Na5 24. Nb3 Rxd1 25. Rxd1 Qxd1+ 26. Qxd1 Rxd1
27. Kxd1 Nxb3 28. axb3 b6 29. Ke2 Kd7 30. Kd3 Kc6 31. c4 Nf6 32. b4 a6 33. Be1
Nd7 34. Bc3 Kd6 35. f4 g6 36. Ke3 Ke6 37. Kf3 h5 38. h3 exf4 39. gxf4 b5 40. b3
Nb6 41. cxb5 axb5 42. Bd4 Nd7 43. Ke3 f5 44. e5 Kd5 45. h4 Nf8 46. Bc5 Ne6 47.
Ba7 Nd8 48. Bc5 Nc6 49. Kf3 Nd8 50. Ke3 Ne6 51. Ba7 Kc6 52. Bd4 Nd8 53. Bc5 Kd5
54. Bd4 Nc6 55. Bc5 Nb8 56. Ba7 Na6 57. Bc5 Nxc5 58. bxc5 Kxc5 59. b4+ Kd5 60.
Kd3 c5 61. bxc5 Kxc5 62. Kc3 Kd5 63. Kb4 g5 64. fxg5 f4 0-1

[Event "FIDE World Senior Team Championship 2020"]
[Site "Olympik hotel, Sokolovska 138, Prague"]
[Date "2020.03.07"]
[Round "2.5.4"]
[White "Tolstikh, Nikolay"]
[Black "Arndt, Olaf"]
[Result "1-0"]
[WhiteElo "2320"]
[BlackElo "1887"]
[PlyCount "63"]
[WhiteTeam "RUS1"]
[BlackTeam "GER5"]
[EventDate "2020.03.06"]

1. e4 e5 2. Nf3 Nc6 3. Bc4 Bc5 4. c3 Nf6 5. d4 exd4 6. e5 d5 7. Bb5 Ne4 8. cxd4
Bb4+ 9. Bd2 Nxd2 10. Nbxd2 O-O 11. Bxc6 bxc6 12. O-O Rb8 13. Qc2 Rb6 14. a3
Bxd2 15. Nxd2 Qh4 16. Qc3 c5 17. Nf3 Qf4 18. dxc5 Rg6 19. Kh1 Qg4 20. Rg1 Qh5
21. h3 Rh6 22. Nh2 f6 23. Rae1 fxe5 24. Rxe5 Qg6 25. Qg3 Qc2 26. Rg5 Rf7 27.
Rxd5 Bb7 28. Rd8+ Rf8 29. Rxf8+ Kxf8 30. Re1 Rg6 31. Ng4 Qxc5 32. Qf4+ 1-0

[Event "FIDE World Senior Team Championship 2020"]
[Site "Olympik hotel, Sokolovska 138, Prague"]
[Date "2020.03.07"]
[Round "2.6.2"]
[White "Plotkin, Victor"]
[Black "Berg, Anders Hoyer"]
[Result "1-0"]
[WhiteElo "2339"]
[BlackElo "2036"]
[PlyCount "75"]
[WhiteTeam "CAN"]
[BlackTeam "NOR2"]
[EventDate "2020.03.06"]

1. e4 c5 2. Nf3 e6 3. b3 Nc6 4. Bb2 d6 5. d4 cxd4 6. Nxd4 Nf6 7. Bd3 Be7 8. O-O
e5 9. Nxc6 bxc6 10. Nd2 O-O 11. Nc4 Be6 12. Qe2 Nd7 13. Rad1 Qc7 14. Qe3 f6 15.
Qd2 Nc5 16. Ne3 Nxd3 17. Qxd3 Rfd8 18. c4 a5 19. Bc3 Rd7 20. Rc1 Rdd8 21. Rfd1
Rdb8 22. h3 Rd8 23. Bb2 Rd7 24. Nd5 Bxd5 25. cxd5 c5 26. Rc4 Bd8 27. Ra4 Qb8
28. Rc1 Rb7 29. Bc3 Kf7 30. Bd2 Rba7 31. Qf3 Qc8 32. Qh5+ Kf8 33. Qxh7 g5 34.
Qh8+ Kf7 35. Rc3 Bb6 36. Qh7+ Kf8 37. Qh6+ Kf7 38. Rf3 1-0

[Event "FIDE World Senior Team Championship 2020"]
[Site "Olympik hotel, Sokolovska 138, Prague"]
[Date "2020.03.07"]
[Round "2.6.3"]
[White "Johnsen, Sylvia"]
[Black "Findlay, Ian T."]
[Result "1-0"]
[WhiteElo "1853"]
[BlackElo "2159"]
[PlyCount "97"]
[WhiteTeam "NOR2"]
[BlackTeam "CAN"]
[EventDate "2020.03.06"]

1. e4 c5 2. Nc3 Nc6 3. g3 g6 4. Bg2 Bg7 5. d3 d6 6. Nge2 e6 7. O-O Nge7 8. Bg5
h6 9. Be3 Nd4 10. Qd2 Bd7 11. Rab1 Bc6 12. a3 Qd7 13. b4 b6 14. f4 h5 15. h3
Rd8 16. Nd1 Nxe2+ 17. Qxe2 O-O 18. Nf2 f5 19. h4 d5 20. bxc5 d4 21. Bd2 bxc5
22. Nh3 fxe4 23. Bxe4 Nf5 24. Kh2 Rde8 25. Ng5 e5 26. Qg2 Bxe4 27. dxe4 Nh6 28.
Qf3 Ng4+ 29. Kg1 c4 30. Rb4 c3 31. Bc1 a5 32. Rb3 exf4 33. gxf4 Ne5 34. Qh3
Qxh3 35. Nxh3 Nc4 36. e5 Rc8 37. Rd1 Rfd8 38. Rd3 Bf8 39. Kg2 a4 40. Rb7 Rc6
41. Ra7 Bxa3 42. Bxa3 Nxa3 43. f5 Nxc2 44. f6 Ne1+ 45. Kg1 Nxd3 46. Ng5 Nxe5
47. Rg7+ Kf8 48. Nh7+ Ke8 49. Re7# 1-0

[Event "FIDE World Senior Team Championship 2020"]
[Site "Olympik hotel, Sokolovska 138, Prague"]
[Date "2020.03.07"]
[Round "2.6.4"]
[White "Barron, Michael"]
[Black "Harstad, Christian"]
[Result "1-0"]
[WhiteElo "2075"]
[BlackElo "1854"]
[PlyCount "89"]
[WhiteTeam "CAN"]
[BlackTeam "NOR2"]
[EventDate "2020.03.06"]

1. e4 c5 2. Nf3 d6 3. d4 cxd4 4. Nxd4 Nf6 5. f3 g6 6. c4 Bg7 7. Be3 O-O 8. Nc3
Nc6 9. Qd2 Bd7 10. Be2 Qa5 11. O-O Rfc8 12. Rfd1 Ne5 13. b3 a6 14. Rac1 Rab8
15. Rc2 Qd8 16. h3 Nc6 17. a4 Nh5 18. Nd5 e5 19. Nxc6 bxc6 20. Nc3 Be6 21. Rb2
Nf4 22. Bf1 Qa5 23. Kh2 Rd8 24. b4 Qc7 25. a5 d5 26. Bb6 Rxb6 27. axb6 Qxb6 28.
cxd5 cxd5 29. Na4 Qa7 30. Nc5 Bf6 31. Qf2 d4 32. g3 Nh5 33. Bxa6 Bg5 34. Bf1
Qe7 35. Nxe6 fxe6 36. Kg2 Be3 37. Qe1 Rf8 38. b5 Qg5 39. b6 Nf4+ 40. Kh2 Nh5
41. h4 Qf6 42. Be2 g5 43. g4 Qf4+ 44. Kh3 gxh4 45. gxh5 1-0

[Event "FIDE World Senior Team Championship 2020"]
[Site "Olympik hotel, Sokolovska 138, Prague"]
[Date "2020.03.07"]
[Round "2.7.1"]
[White "Kozak, Milos"]
[Black "Schulz, Klaus-Juergen"]
[Result "1/2-1/2"]
[WhiteElo "2174"]
[BlackElo "2331"]
[PlyCount "27"]
[WhiteTeam "CZE5"]
[BlackTeam "GER1"]
[EventDate "2020.03.06"]

1. d4 d5 2. c4 dxc4 3. Nf3 Nf6 4. e3 e6 5. Bxc4 c5 6. O-O a6 7. b3 Nc6 8. Bb2
cxd4 9. Nxd4 Nxd4 10. Qxd4 Qxd4 11. Bxd4 Bd7 12. Nd2 Bc6 13. Be2 Bb4 14. Nc4
1/2-1/2